Diseño gráfico en ingeniería

Saved in:
Bibliografiske detaljer
Hovedforfatter: Earle, James H (Author)
Format: Bog
Sprog:spansk
Udgivet: Bogotá Fondo Educativo Interamericano 1976
Fag:
Tags: Tilføj Tag
Ingen Tags, Vær først til at tagge denne postø!

MARC

LEADER 00000nam a2200000 a 4500
001 UCV7061
003 CL-VaPUC
008 920511e19760000CK |||||||||||||||||spa|d
082 0 4 |a 620.004  |b EAR  |2 21 
100 0 |a Earle, James H  |e author  |9 301066 
245 1 0 |a Diseño gráfico en ingeniería 
300 |a 686 p 
942 |c BK 
945 |d 19920511 00:00:00 
260 |a Bogotá  |b Fondo Educativo Interamericano  |c 1976 
650 0 |a Diseño en ingeniería   |9 262406 
650 0 |a Ingeniería   |9 259380 
650 0 |a Gráficas  |9 264054 
583 |a last modification  |c 19920511 00:00:00  |k Rodrigo Vera 
999 |c 212807  |d 212805